Teoretický koncept civilní mocnosti a použití vojenské síly
Koncept civilnej mocnosti ako nástroj analýzy zahraničnej a bezpečnostnej politiky Nemecka. Ideové zdroje konceptu civilnej mocnosti. Aplikácia Eliasovej teórie pri výskume medzinárodných vzťahov. Nemecko a Japonsko ako civilné mocnosti. Atribúty použitia vojenskej sily civilnou mocnosťou: 1. vojens...
Salvato in:
| Autore principale: | |
|---|---|
| Natura: | Capitolo di libro |
| Lingua: | ceco |
| Soggetti: | |
| Tags: |
Nessun Tag, puoi essere il primo ad aggiungerne!!
|
MARC
| LEADER | 00000naa$a2200000$$$4500 | ||
|---|---|---|---|
| 001 | 0057796 | ||
| 005 | 20231016100454.6 | ||
| 041 | 0 | |a cze | |
| 044 | |a CZ | ||
| 245 | 1 | 0 | |a Teoretický koncept civilní mocnosti a použití vojenské síly |c Zdeněk Kříž |
| 520 | |a Koncept civilnej mocnosti ako nástroj analýzy zahraničnej a bezpečnostnej politiky Nemecka. Ideové zdroje konceptu civilnej mocnosti. Aplikácia Eliasovej teórie pri výskume medzinárodných vzťahov. Nemecko a Japonsko ako civilné mocnosti. Atribúty použitia vojenskej sily civilnou mocnosťou: 1. vojenská sila ako posledný nástroj zahraničnej a bezpečnostnej politiky, 2. civilná mocnosť hrá aktívnu rolu pri riešení krízy, 3. absolútny súlad vojenskej operácie s princípmi medzinárodného práva, 4. podpora ľudských práv, snaha o minimalizáciu rozsahu použitého násilia, 5. multinacionálny rámec vojenskej akcie. Nemecká zainteresovanosť pri riešení krízy v Kosove. | ||
| 610 | 2 | 0 | |a vzťahy medzinárodné |
| 610 | 2 | 0 | |a politika bezpečnostná |
| 610 | 2 | 0 | |a politika medzinárodná |
| 610 | 2 | 0 | |a sily ozbrojené |
| 610 | 2 | 0 | |a konflikty medzinárodné |
| 610 | 2 | 0 | |a právo medzinárodné |
| 610 | 2 | 0 | |a bezpečnosť |
| 610 | 2 | 0 | |a práva ľudské |
| 100 | 1 | |a Kříž, Zdeněk | |